| 000 | 00442nam a22001097a 4500 | ||
|---|---|---|---|
| 999 |
_c508528 _d508528 |
||
| 082 | _aI5135x73 Un3/Wa/2 | ||
| 100 |
_aUnited States. Task force on Water Resources and Power _93900 |
||
| 245 |
_aReport on water resources and power _cby Task force on Water Resources and Power |
||
| 260 |
_aWashington _bU.S. Government Printing Office _c1955 |
||
| 300 | _av.p. | ||
| 700 |
_aCommission on Organization of the Executive Branch of the Government _93901 |
||